Trở thành nhà kinh doanh trên mạng thành công. /
Chương 1: Hoạt động mua và bán trên thương mại điện tử.
Na minha lista:
| Autor principal: | |
|---|---|
| Formato: | Livro |
| Idioma: | Vietnamese |
| Publicado em: |
H. :
Nhà xuất bản Lao động - Xã hội ,
2005
|
| Assuntos: | |
| Tags: |
Adicionar Tag
Sem tags, seja o primeiro a adicionar uma tag!
|
| Thư viện lưu trữ: | Thư viện Trường CĐ Kỹ Thuật Cao Thắng |
|---|
| LEADER | 01686nam a2200361 a 4500 | ||
|---|---|---|---|
| 001 | TVCDKTCT11209 | ||
| 003 | Thư viện trường Cao đẳng Kỹ thuật Cao Thắng | ||
| 005 | 20090824000000 | ||
| 008 | 090824 | ||
| 980 | \ | \ | |a Thư viện Trường CĐ Kỹ Thuật Cao Thắng |
| 024 | |a RG_1 #1 eb0 i1 | ||
| 041 | 0 | # | |a vie |
| 082 | # | # | |a 658.84 / |b TR460TH-l |
| 100 | 1 | # | |a Lê Xuân Thành |
| 245 | 0 | 0 | |a Trở thành nhà kinh doanh trên mạng thành công. / |c Lê Xuân Thành |
| 260 | # | # | |a H. : |b Nhà xuất bản Lao động - Xã hội , |c 2005 |
| 300 | # | # | |a 435tr. ; |c 20cm |
| 520 | # | # | |a Chương 1: Hoạt động mua và bán trên thương mại điện tử. |
| 520 | # | # | |a 1.Bán hàng qua mạng |
| 520 | # | # | |a 2. Bán lẻ trong thương mại điện tử. |
| 520 | # | # | |a 3. Thu hút khách hàng trên mạng. |
| 520 | # | # | |a 4. Chăm sóc khách hàng trong thương mại điện tử |
| 520 | # | # | |a Chương 2: Thanh toán trong thương mại điện tử |
| 520 | # | # | |a 1.Thanh tóan trong thương mại điện tử |
| 520 | # | # | |a 2. Thanh tóan thẻ |
| 520 | # | # | |a 3.Phương thức thanh toán. |
| 520 | # | # | |a Chương 3: Vấn đề an ninh trong thương mại điện tử. |
| 520 | # | # | |a 1.Gian lận trong thương mại điện tử |
| 520 | # | # | |a 2. Phần mềm chống gian lận. |
| 520 | # | # | |a Chương 4: Maketing trong thương mại điện tử. |
| 520 | # | # | |a 1. Maketting trong thương mại điện tử |
| 520 | # | # | |a 2. Tiếp thị và quảng bá thông tin trên Internet |
| 650 | # | 4 | |a Kinh doanh |